| 000 | 00376cam a2200157ua 4500 | ||
|---|---|---|---|
| 041 |
_aeng _h |
||
| 082 |
_a005.369 _bROB/AC |
||
| 100 | _aRobinson, Celeste . | ||
| 245 |
_aAccess 97 / _cCeleste Robinson. _hTextual Documents |
||
| 260 |
_aNew Delhi : _bBPB Publications , _c1998. |
||
| 300 | _a437 ; . | ||
| 500 | _a*CSS | ||
| 504 | _a | ||
| 942 | _cBK | ||
| 999 |
_c3203 _d3203 |
||